000 00257nam a22001097a 4500
082 _a333
100 _aSingh, Savindra
_982106
245 _aEnvironmental Geography
260 _aAllahabad
_bPravalika publications
_c2018
650 _aEnvironment
942 _cBK
999 _c66450
_d66450